000 00310nam a2200133Ia 4500
005 20251222152027.0
008 251222s9999||||xx |||||||||||||| ||spa||
082 _a595.7/J58
100 _aJirízahradnik, Milán
245 0 _aInsectos
250 _a1ra.ed.
264 _bSusaeta Ediciones S.A.
942 _cLIB
999 _c25505
_d25505